000 00299nam a22001337a 4500
008 170511b xxu||||| |||| 00| 0 eng d
020 _a9780618426485
041 _aeng
080 _a34
100 _a15
101 _ashj
245 _athe essential counselor
_cHUTCHIINSON
942 _2udc
_cBK
999 _c13265
_d13265